000 00649cam a2200217 4500500
005 20260405001517.0
041 _afre
042 _adc
100 1 0 _aLegros, Martin
_eauthor
245 0 0 _aPierre Rabhi, Michel Onfray. L’ascète et l’hédoniste
260 _c2013.
500 _a32
690 _aAscétisme
690 _aBonheur
690 _aHédonisme
690 _aMichel Onfray
690 _aPierre Rabhi
690 _aSobriété
786 0 _nPhilosophie magazine | 71 | 7 | 2013-07-01 | p. 26-43 | 1951-1787
856 4 1 _uhttps://shs.cairn.info/magazine-philosophie-magazine-2013-7-page-26?lang=fr&redirect-ssocas=7080
999 _c2048395
_d2048395